Normal view
MARC view
- ELECTRIC CIRCUIT ANALYSIS; CIRCUIT ANALYSIS
Entry Topical Term
001 - CONTROL NUMBER
- control field: 59353
003 - CONTROL NUMBER IDENTIFIER
- control field: NUST
005 - DATE AND TIME OF LATEST TRANSACTION
- control field: 20210628202327.0
008 - FIXED-LENGTH DATA ELEMENTS
- fixed length control field: 210628|| aca||aabn | a|a d
040 ## - CATALOGING SOURCE
- Original cataloging agency: NUST
- Transcribing agency: NUST
150 ## - HEADING--TOPICAL TERM
- Topical term or geographic name entry element: ELECTRIC CIRCUIT ANALYSIS; CIRCUIT ANALYSIS
670 ## - SOURCE DATA FOUND
- Source citation: Work cat.: (NUST): Johnson, Johnny.R Scott, Petter.D Hilburn, John.L 59352, Basic electric circuit analysis, 1995
